Linguistics
Αποθηκεύτηκε σε:
| Κύριος συγγραφέας: | |
|---|---|
| Μορφή: | Βιβλίο |
| Γλώσσα: | English |
| Δημοσίευση: |
Oxford :
Oxford University Press,
1996
|
| Σειρά: | Oxford introductions to language study
|
| Θέματα: | |
| Ετικέτες: |
Προσθήκη ετικέτας
Δεν υπάρχουν, Καταχωρήστε ετικέτα πρώτοι!
|
MARC
| LEADER | 00000cam a2200000 i 4500 | ||
|---|---|---|---|
| 001 | 1/101308 | ||
| 008 | 000209s1996 eng d | ||
| 020 | |a 0-19-437206-5 | ||
| 035 | |l 10057633 | ||
| 040 | |a GR-MY-UA |b gre |e aacr | ||
| 041 | 0 | |a eng | |
| 082 | 0 | |a 410 | |
| 100 | 1 | |a Widdowson, H. G. | |
| 245 | 1 | 0 | |a Linguistics / |c H. G. Widdowson |
| 260 | |a Oxford : |b Oxford University Press, |c 1996 | ||
| 300 | |a 134 σ. | ||
| 490 | 1 | |a Oxford introductions to language study | |
| 504 | |a Includes glossary | ||
| 650 | 0 | 0 | |a Linguistics. |
| 830 | 0 | |a Oxford introductions to language study | |
| 852 | |a INST |b LESVOS |e 20000209 |h 410 WID |p 005100021901 |q 005100021901 |t BK |y 0 | ||
| 901 | |a BIBL1-2000-1 | ||
| 909 | |a Λ |b 067037 | ||
| 970 | |a ΑΙΒΑΤΖΙΔΟΥ |b ΕΛΕΝΗ |z 2000/02/09 | ||